000 01349nam a2200229Ia 4500
999 _c36220
_d36220
001 2123
003 GE_BSU
005 20190516144701.0
008 181216s1965||||ge |||||||||||||| ||geo||
040 _cGE_BSU
041 _ageo
080 _a398(479.22) ჩ–69
100 _aჩიქოვანი, მიხეილ,
_91226
_cფილოლოგი, ლიტერატურათმცოდნე, ფოლკლორისტი
245 _aქართული ეპოსი : წგ. 2 :
_bმიჯაჭვული ამირანი /
_cმიხეილ ჩიქოვანი ; საქართველოს სსრ მეცნიერებათა აკადემია ; რუსთაველის სახელობის ქართული ლიტერატურის ინსტიტუტი.
264 _aთბილისი :
_b''მეცნიერება'',
_c1965.
300 _a423 გვ.
_b21 სმ.
653 _aქართული ეპოსი
653 _aქართული ფოლკლორი
653 _aქართული ზრაპრები
710 _aრუსთაველის სახელობის ქართული ლიტერატურის ინსტიტუტი
_91227
942 _cBK
_2udc